000 00627nam a22001937a 4500
005 20130703120936.0
010 _aB-508984-985
020 _c625.00
_a9788188222209
035 _aB-508984-985
037 _bKBD/Ven
082 _a541
100 _aShahi, Ranjeet
245 _aEssential physical Chemistry /
_cby Ranjeet Shahi
260 _aMeerut
_bArihant Publications
_c20?
270 _aKalindi, TP Nagar,
_bMeerut
_e250002
_k0121-2401479
300 _a1068p.
_c25cm(pbk)
942 _2ddc
_cEN
_h541
_mSHA
999 _c77145
_d77145